00761nas a2200229Ia 4500001001100000003000900011008004100020040001300061040001300074041001300087100003800100210001600138222001600154245009500170250001100265260004500276501008600321300001000407310001700417362003800434650005900472R809/50002IT-RoPAU151124c99999999xx |||||||||||| ||und|| aIT-RoPAU cIT-RoPAU aITALIANO aAA.VV. gCodice Aut. SPICS: 12000 aDRAMMA (IL) aDramma (Il) aDRAMMA (IL), ANNO 14-N.274 (15 GENNAIO 1938)bDramma (Il), Anno 14-N.274 (15 Gennaio 1938) a1a ed. aTORINObSOCIETA' EDITRICE TORINESEc1938 bPaulus - SPICS - Società San Paolo EM (non-commercial uses only)cCopyright2015 a40 p. aQUINDICINALE aANNO 014, N.274 (15 GENNAIO 1938) aTEATRO - DANZA - DRAMMATURGIAvPUBBLICAZIONE PERIODICA